00812nam a22002057a 450000500170000001000150001702000270003203500140005903700090007308200140008210000330009624500760012925000060020526000350021127001270024630000270037394200280040099900190042895201590044720250709165658.0 aENG-145907 c1750.00a9788195221066 aEN-129439 bDBAD a891.4321 aSolanke, Annasaheb U.982871 aFeminism in Post-Colonial Indian English Fiction/cAnnasaheb U. Solanke a1 aJaipurbApex Publicationc2021 bJaipura118, Chitragupt Nagar First, Imali Phatak Lalkothi, Gandhi Nagare302015mapexpublicationjpr@gmail.comk7891981213 a270p.c24cm(hb)bIndex 2ddccENh891.43mSOLe1 c212298d212298 001040708NFICaZLSbZLSd2025-07-09eDelivery of Books Act Divisiong1795.00l0o891.43 SOLpEN-129439r2025-07-09 00:00:00t1v1795.00w2025-07-09yEN